[Event "Lindores Abbey Tal Blitz 2021"]
[Site "Riga"]
[Date "2021.11.08"]
[Round "9.22"]
[White "Adly, Ahmed"]
[Black "Ter-Sahakyan, Samvel"]
[Result "1-0"]
[WhiteElo "2602"]
[BlackElo "2615"]
[Annotator "ChessBase"]
[PlyCount "91"]
[EventDate "2021.11.02"]
[EventType "swiss"]
[EventCountry "LAT"]
[SourceTitle "playchess.com"]
[Source "ChessBase"]
[SourceQuality "1"]

1. Nf3 d5 2. d4 Nf6 3. g3 g6 4. Bg2 Bg7 5. O-O O-O 6. c4 dxc4 7. Na3 c5 8. dxc5
c3 9. Qb3 Na6 10. Qxc3 Ne4 11. Qc2 Nexc5 12. Rd1 Qe8 13. Nd4 Bd7 14. Be3 Rc8
15. Qd2 e5 16. Nb3 Ba4 17. Nxc5 Nxc5 18. Rdc1 b6 19. Nc4 Qe7 20. Qd6 Qxd6 21.
Nxd6 Rcd8 22. Bxc5 bxc5 23. Ne4 Bb5 24. Rc2 c4 25. a4 Ba6 26. Nc5 Bc8 27. e3 f5
28. Bf1 f4 29. Bxc4+ Kh8 30. Be6 fxe3 31. fxe3 Bh6 32. Re1 a5 33. Kg2 Rf6 34.
Bxc8 Rxc8 35. Rc3 Rfc6 36. Ne4 Rxc3 37. Nxc3 Rc4 38. Kf3 g5 39. h3 Bf8 40. Rd1
Bb4 41. Ne4 h6 42. Rd7 Kg8 43. b3 Rc1 44. Kg4 Re1 45. Kf5 Kf8 46. Ke6 1-0

[Event "Lindores Abbey Tal Blitz 2021"]
[Site "Riga"]
[Date "2021.11.08"]
[Round "9.23"]
[White "Sjugirov, Sanan"]
[Black "Henriquez Villagra, Cristobal"]
[Result "1/2-1/2"]
[WhiteElo "2663"]
[BlackElo "2608"]
[Annotator "ChessBase"]
[PlyCount "137"]
[EventDate "2021.11.02"]
[EventType "swiss"]
[EventCountry "LAT"]
[SourceTitle "playchess.com"]
[Source "ChessBase"]
[SourceQuality "1"]

1. e4 c6 2. d4 d5 3. e5 Bf5 4. Nd2 e6 5. Nb3 Ne7 6. Nf3 h6 7. Be2 Nd7 8. O-O g5
9. Bd2 a5 10. a4 Qc7 11. Rc1 Bg7 12. Ne1 O-O 13. f4 f6 14. Nd3 Bxd3 15. Bxd3
gxf4 16. Qg4 fxe5 17. Qxe6+ Rf7 18. dxe5 Bxe5 19. Rce1 Raf8 20. Nxa5 b6 21. Nb3
Qd6 22. Qxd6 Bxd6 23. Re6 Rf6 24. Rfe1 Kf7 25. Rxf6+ Kxf6 26. Be2 c5 27. c4 d4
28. Nc1 Ng6 29. Nd3 Nde5 30. Nxf4 Nxf4 31. Bxf4 Nf3+ 32. Bxf3 Bxf4 33. Kf1 Be3
34. Ke2 Rf7 35. b3 Ke5 36. Kd3 Rg7 37. Re2 Rg5 38. Ra2 h5 39. a5 bxa5 40. Rxa5
Kf4 41. Ra6 Rf5 42. Re6 Kg5 43. Re8 h4 44. Rg8+ Kf6 45. Rh8 Bg5 46. Rc8 Re5 47.
Rc6+ Ke7 48. Be4 Kd7 49. Rg6 Bf4 50. g3 hxg3 51. hxg3 Be3 52. Rg7+ Kd6 53. Rg6+
Kc7 54. Rc6+ Kd7 55. Bd5 Rg5 56. Rxc5 Rxg3 57. Ra5 Bg1+ 58. Ke4 Rxb3 59. c5 Rc3
60. Ra7+ Kd8 61. c6 d3 62. Rd7+ Kc8 63. Rg7 Bb6 64. Be6+ Kd8 65. Rd7+ Ke8 66.
Bf7+ Kf8 67. Be6 Rxc6 68. Bf5 Rc3 69. Rxd3 1/2-1/2

[Event "Lindores Abbey Tal Blitz 2021"]
[Site "Riga"]
[Date "2021.11.08"]
[Round "9.24"]
[White "Chigaev, Maksim"]
[Black "Ivic, Velimir"]
[Result "0-1"]
[WhiteElo "2626"]
[BlackElo "2620"]
[Annotator "ChessBase"]
[PlyCount "70"]
[EventDate "2021.11.02"]
[EventType "swiss"]
[EventCountry "LAT"]
[SourceTitle "playchess.com"]
[Source "ChessBase"]
[SourceQuality "1"]

1. c4 e5 2. g3 Nc6 3. Bg2 g6 4. Nc3 Bg7 5. Rb1 a5 6. a3 Nge7 7. e3 d6 8. Nge2
h5 9. h3 h4 10. g4 f5 11. gxf5 Bxf5 12. d3 Qd7 13. b4 axb4 14. axb4 Nd8 15. Ne4
Ne6 16. b5 O-O 17. Bd2 c6 18. bxc6 bxc6 19. Bb4 Rab8 20. N2c3 c5 21. Ba3 Ra8
22. Bc1 Rab8 23. Rxb8 Rxb8 24. O-O Nc7 25. Kh2 Nc6 26. Qa4 Nb4 27. Qd1 Rf8 28.
Ba3 Qe7 29. Qe2 Ra8 30. Ra1 Ra6 31. Nb5 Nxb5 32. cxb5 Ra5 33. b6 d5 34. Nc3 e4
35. dxe4 Bxc3 0-1

[Event "Lindores Abbey Tal Blitz 2021"]
[Site "Riga"]
[Date "2021.11.08"]
[Round "9.25"]
[White "Esipenko, Andrey"]
[Black "Morovic Fernandez, Ivan"]
[Result "1-0"]
[WhiteElo "2713"]
[BlackElo "2510"]
[Annotator "ChessBase"]
[PlyCount "49"]
[EventDate "2021.11.02"]
[EventType "swiss"]
[EventCountry "LAT"]
[SourceTitle "playchess.com"]
[Source "ChessBase"]
[SourceQuality "1"]

1. e4 e5 2. Nf3 Nc6 3. Bb5 a6 4. Ba4 Nf6 5. O-O Be7 6. Re1 b5 7. Bb3 d6 8. c3
O-O 9. h3 Be6 10. Bxe6 fxe6 11. d4 Qd7 12. a4 Rfb8 13. Bg5 h6 14. Bh4 exd4 15.
cxd4 Nb4 16. Nc3 bxa4 17. Rxa4 a5 18. Qe2 c5 19. dxc5 dxc5 20. Rd1 Qc6 21. Ne5
Qa6 22. Qf3 Nc6 23. Ng6 Re8 24. e5 Nd7 25. Rxd7 1-0

[Event "Lindores Abbey Tal Blitz 2021"]
[Site "Riga"]
[Date "2021.11.08"]
[Round "9.26"]
[White "Tabatabaei, M. Amin"]
[Black "Fedoseev, Vladimir"]
[Result "1/2-1/2"]
[WhiteElo "2639"]
[BlackElo "2704"]
[Annotator "ChessBase"]
[PlyCount "34"]
[EventDate "2021.11.02"]
[EventType "swiss"]
[EventCountry "LAT"]
[SourceTitle "playchess.com"]
[Source "ChessBase"]
[SourceQuality "1"]

1. d4 Nf6 2. Nf3 g6 3. c4 Bg7 4. Nc3 d5 5. h3 c6 6. cxd5 cxd5 7. Bf4 O-O 8. e3
Nc6 9. Bd3 Nd7 10. O-O e5 11. dxe5 Ndxe5 12. Nxe5 Nxe5 13. Be2 Be6 14. Rc1 a6
15. Na4 b5 16. Nc5 Qb6 17. b3 Rad8 1/2-1/2

[Event "Lindores Abbey Tal Blitz 2021"]
[Site "Riga"]
[Date "2021.11.08"]
[Round "9.27"]
[White "Swiercz, Dariusz"]
[Black "Petrosyan, Manuel"]
[Result "1-0"]
[WhiteElo "2647"]
[BlackElo "2599"]
[Annotator "ChessBase"]
[PlyCount "59"]
[EventDate "2021.11.02"]
[EventType "swiss"]
[EventCountry "LAT"]
[SourceTitle "playchess.com"]
[Source "ChessBase"]
[SourceQuality "1"]

1. Nf3 d5 2. b3 c5 3. e3 Nc6 4. Bb5 Bd7 5. O-O e6 6. Bb2 Nge7 7. d4 a6 8. Bd3
cxd4 9. exd4 Ng6 10. Re1 Bd6 11. c4 O-O 12. Nc3 dxc4 13. bxc4 Rc8 14. g3 Be7
15. Rc1 b5 16. c5 Nb4 17. h4 Nxd3 18. Qxd3 Bf6 19. Ne4 Bc6 20. Nxf6+ Qxf6 21.
d5 Qxb2 22. dxc6 Ne7 23. h5 Nxc6 24. h6 g6 25. Qe4 Qf6 26. Red1 Rfd8 27. Rd6
Na5 28. Rcd1 Nc4 29. Qf4 Qe7 30. Qd4 1-0

[Event "Lindores Abbey Tal Blitz 2021"]
[Site "Riga"]
[Date "2021.11.08"]
[Round "9.28"]
[White "Sasikiran, Krishnan"]
[Black "Matlakov, Maxim"]
[Result "1/2-1/2"]
[WhiteElo "2640"]
[BlackElo "2691"]
[Annotator "ChessBase"]
[PlyCount "90"]
[EventDate "2021.11.02"]
[EventType "swiss"]
[EventCountry "LAT"]
[SourceTitle "playchess.com"]
[Source "ChessBase"]
[SourceQuality "1"]

1. e4 c6 2. Nf3 d5 3. Nc3 Bg4 4. h3 Bxf3 5. Qxf3 e6 6. g3 Nd7 7. d4 g6 8. Bg2
Bg7 9. Ne2 Ne7 10. O-O O-O 11. Qb3 Qb6 12. Rd1 Rfe8 13. c3 Rad8 14. Be3 dxe4
15. Bxe4 Nd5 16. Bg5 Bf6 17. h4 Qc7 18. Qc2 Bxg5 19. hxg5 c5 20. Bxd5 exd5 21.
Nf4 Nf8 22. dxc5 Qxc5 23. Rd4 Ne6 24. Nxe6 Rxe6 25. Rad1 Qe7 26. c4 Qxg5 27.
Rxd5 Rxd5 28. cxd5 Rd6 29. Qc5 Qe5 30. Qxa7 Rxd5 31. Rxd5 Qxd5 32. a3 h5 33.
Qe3 g5 34. Qc3 Kh7 35. Qc2+ Kg7 36. Qc3+ f6 37. b3 Kg6 38. a4 h4 39. gxh4 gxh4
40. a5 Qe4 41. b4 h3 42. Qxh3 Qxb4 43. Qg2+ Kf7 44. Qd5+ Ke7 45. Kf1 Qb1+
1/2-1/2

[Event "Lindores Abbey Tal Blitz 2021"]
[Site "Riga"]
[Date "2021.11.08"]
[Round "9.29"]
[White "Moussard, Jules"]
[Black "Abasov, Nijat"]
[Result "0-1"]
[WhiteElo "2632"]
[BlackElo "2634"]
[Annotator "ChessBase"]
[PlyCount "68"]
[EventDate "2021.11.02"]
[EventType "swiss"]
[EventCountry "LAT"]
[SourceTitle "playchess.com"]
[Source "ChessBase"]
[SourceQuality "1"]

1. e4 c5 2. Nf3 e6 3. d4 cxd4 4. Nxd4 Nf6 5. Qe2 e5 6. Nb3 Nc6 7. Nc3 a5 8. a4
Bb4 9. Bd2 d6 10. O-O-O Be6 11. Nb5 O-O 12. Kb1 Qe7 13. f3 Rfd8 14. Bg5 h6 15.
Bh4 d5 16. exd5 Bxd5 17. Nc1 Rac8 18. g3 Qe6 19. Bxf6 Qxf6 20. Bg2 Nd4 21. Nxd4
exd4 22. f4 Bc4 23. Qf3 b5 24. axb5 Bxb5 25. Qe4 a4 26. Qe5 Qb6 27. Bd5 Bc3 28.
Ba2 Bc4 29. b3 axb3 30. cxb3 Re8 31. Qf5 Be6 32. Qd3 Qa5 33. f5 Bxf5 34. Qxf5
Qxf5+ 0-1

[Event "Lindores Abbey Tal Blitz 2021"]
[Site "Riga"]
[Date "2021.11.08"]
[Round "9.30"]
[White "Kosteniuk, Alexandra"]
[Black "Ponkratov, Pavel"]
[Result "0-1"]
[WhiteElo "2518"]
[BlackElo "2662"]
[Annotator "ChessBase"]
[PlyCount "110"]
[EventDate "2021.11.02"]
[EventType "swiss"]
[EventCountry "LAT"]
[SourceTitle "playchess.com"]
[Source "ChessBase"]
[SourceQuality "1"]

1. e4 g6 2. d4 Bg7 3. Nc3 d5 4. exd5 Nf6 5. Bb5+ Nbd7 6. Nge2 O-O 7. Nf4 a6 8.
Ba4 b5 9. Bb3 Nb6 10. O-O Bb7 11. Re1 b4 12. Ne4 Nxe4 13. Rxe4 a5 14. a4 e6 15.
Re1 Nxd5 16. Nxd5 Bxd5 17. Bxd5 Qxd5 18. c3 c5 19. Be3 Rfd8 20. Qg4 cxd4 21.
cxd4 h5 22. Qh4 Qb3 23. Re2 Rd7 24. h3 Rad8 25. Rd2 e5 26. d5 Rxd5 27. Qxd8+
Rxd8 28. Rxd8+ Kh7 29. Rd2 e4 30. Bb6 Be5 31. Be3 h4 32. Bg5 Kg7 33. Be3 Kf6
34. Bb6 g5 35. Be3 Kg6 36. Bb6 f6 37. Be3 Qc4 38. Rad1 Qb3 39. Ra1 f5 40. Bb6
g4 41. hxg4 fxg4 42. Re2 Kf5 43. Rae1 Qd5 44. Rxe4 Qxe4 45. Rxe4 Kxe4 46. b3
Kd3 47. Bxa5 Kc3 48. Bb6 Kxb3 49. a5 Kc3 50. a6 Bb8 51. a7 Bxa7 52. Bxa7 b3 53.
Bb8 Kd4 54. f4 gxf3 55. Ba7+ Ke5 0-1

[Event "Lindores Abbey Tal Blitz 2021"]
[Site "Riga"]
[Date "2021.11.08"]
[Round "9.31"]
[White "Volokitin, Andrei"]
[Black "Sadhwani, Raunak"]
[Result "0-1"]
[WhiteElo "2656"]
[BlackElo "2609"]
[Annotator "ChessBase"]
[PlyCount "59"]
[EventDate "2021.11.02"]
[EventType "swiss"]
[EventCountry "LAT"]
[SourceTitle "playchess.com"]
[Source "ChessBase"]
[SourceQuality "1"]

1. e4 e5 2. Nf3 Nc6 3. Bb5 Nge7 4. Nc3 Ng6 5. d4 exd4 6. Nxd4 Nxd4 7. Qxd4 c6
8. Be2 Qb6 9. Qd3 d6 10. O-O Be7 11. a4 O-O 12. Be3 Qc7 13. f4 f5 14. Qd2 Kh8
15. Kh1 fxe4 16. Nxe4 d5 17. Ng3 Nh4 18. Bd3 c5 19. f5 c4 20. Be2 Bxf5 21. Nxf5
Nxf5 22. Bf4 Qc5 23. c3 Rad8 24. Rad1 d4 25. cxd4 Rxd4 26. Qc1 Rxd1 27. Rxd1
Qf2 28. Bxc4 Nh4 29. Rg1 Qxf4 30. Bd5 0-1

[Event "Lindores Abbey Tal Blitz 2021"]
[Site "Riga"]
[Date "2021.11.08"]
[Round "9.32"]
[White "Meshkovs, Nikita"]
[Black "Oparin, Grigoriy"]
[Result "0-1"]
[WhiteElo "2557"]
[BlackElo "2659"]
[Annotator "ChessBase"]
[PlyCount "129"]
[EventDate "2021.11.02"]
[EventType "swiss"]
[EventCountry "LAT"]
[SourceTitle "playchess.com"]
[Source "ChessBase"]
[SourceQuality "1"]

1. d4 Nf6 2. c4 e6 3. Nf3 d5 4. g3 dxc4 5. Bg2 a6 6. Ne5 c5 7. Na3 cxd4 8.
Naxc4 Bc5 9. Bd2 Ra7 10. Rc1 O-O 11. Nd3 b6 12. Nxc5 bxc5 13. Ba5 Qe7 14. Bb6
Rb7 15. Bxb7 Qxb7 16. O-O Nbd7 17. Qb3 Qd5 18. Qf3 Ne4 19. Bc7 Bb7 20. Nd6 Nxd6
21. Qxd5 Bxd5 22. Bxd6 Rc8 23. Rfd1 f6 24. Rxd4 Rc6 25. Rdd1 Rxd6 26. e4 Kf7
27. exd5 exd5 28. Rc4 Ke6 29. Re1+ Kf7 30. Ra4 d4 31. f4 f5 32. Ra5 Rb6 33. b3
Rd6 34. Kf2 h6 35. Re2 Kf6 36. Ke1 g5 37. Kd2 Rc6 38. Kd3 gxf4 39. gxf4 Nf8 40.
Kc4 Ne6 41. Rf2 Rd6 42. Rf3 h5 43. Rf1 h4 44. Rf3 Rb6 45. Kd3 Rc6 46. Ra4 Rd6
47. Rc4 Ke7 48. Rc1 Kf7 49. Rcf1 Rb6 50. Rh3 a5 51. Rxh4 a4 52. bxa4 Ra6 53.
Rh7+ Kg6 54. Rb7 Rxa4 55. Rb6 c4+ 56. Kc2 Kf7 57. h4 Rxa2+ 58. Kb1 Re2 59. h5
c3 60. Rc6 Rh2 61. Re1 Nxf4 62. h6 Ne2 63. Rc7+ Kg8 64. h7+ Kh8 65. Ka1 0-1

[Event "Lindores Abbey Tal Blitz 2021"]
[Site "Riga"]
[Date "2021.11.08"]
[Round "9.33"]
[White "Sargissian, Gabriel"]
[Black "Ernst, Sipke"]
[Result "1-0"]
[WhiteElo "2664"]
[BlackElo "2532"]
[Annotator "ChessBase"]
[PlyCount "80"]
[EventDate "2021.11.02"]
[EventType "swiss"]
[EventCountry "LAT"]
[SourceTitle "playchess.com"]
[Source "ChessBase"]
[SourceQuality "1"]

1. d4 d5 2. c4 c6 3. Nf3 Nf6 4. Nc3 e6 5. Bg5 h6 6. Bh4 Be7 7. e3 Nbd7 8. Bd3
O-O 9. O-O dxc4 10. Bxc4 c5 11. Qe2 a6 12. a4 cxd4 13. exd4 Nb6 14. Bb3 Bd7 15.
Ne5 Be8 16. Rad1 Nbd5 17. Bxf6 Bxf6 18. Bxd5 exd5 19. Rfe1 Qd6 20. Qf3 Rd8 21.
Ng4 Bg5 22. Ne3 Bxe3 23. Qxe3 Qb4 24. Qe7 Qxe7 25. Rxe7 Bc6 26. a5 Rfe8 27.
Rde1 Rxe7 28. Rxe7 Kf8 29. Rc7 Re8 30. Kf1 g5 31. g4 Kg7 32. Nd1 Kg6 33. f3 Kf6
34. Kf2 Re7 35. Rc8 Kg6 36. Ne3 h5 37. Rg8+ Kh7 38. Rxg5 hxg4 39. Nxg4 Rc7 40.
h4 Re7 1-0

[Event "Lindores Abbey Tal Blitz 2021"]
[Site "Riga"]
[Date "2021.11.08"]
[Round "9.34"]
[White "Zhou, Jianchao"]
[Black "Demchenko, Anton"]
[Result "0-1"]
[WhiteElo "2616"]
[BlackElo "2655"]
[Annotator "ChessBase"]
[PlyCount "170"]
[EventDate "2021.11.02"]
[EventType "swiss"]
[EventCountry "LAT"]
[SourceTitle "playchess.com"]
[Source "ChessBase"]
[SourceQuality "1"]

1. d4 Nf6 2. c4 g6 3. Nc3 d6 4. e4 Bg7 5. Nf3 Bg4 6. Be2 Bxf3 7. Bxf3 e5 8. d5
a5 9. a3 h5 10. O-O Nbd7 11. Be3 Bh6 12. Bxh6 Rxh6 13. b4 b6 14. Na4 Kf8 15. c5
axb4 16. axb4 bxc5 17. bxc5 dxc5 18. Nxc5 Rxa1 19. Nxd7+ Qxd7 20. Qxa1 Qe7 21.
Rc1 Kg7 22. Qc3 g5 23. g3 g4 24. Bg2 Ne8 25. f4 gxf3 26. Qxf3 h4 27. g4 Qg5 28.
Rf1 Rf6 29. Qe2 Rxf1+ 30. Kxf1 Nd6 31. h3 Qc1+ 32. Qe1 Qxe1+ 33. Kxe1 Kf6 34.
Kf2 Kg5 35. Ke3 f6 36. Bf1 Kg6 37. Bd3 Kf7 38. Kd2 Ke7 39. Kc3 Nf7 40. Bf1 Ng5
41. Bg2 Kd6 42. Kb4 c6 43. dxc6 Kxc6 44. Kc4 Ne6 45. Bf1 Nf4 46. Kb4 Ne6 47.
Kc4 Ng7 48. Kb4 Kd6 49. Kc4 Ne8 50. Kb5 Nc7+ 51. Kc4 Ne6 52. Bg2 Kc6 53. Bf1
Nc5 54. Bg2 Nb7 55. Kb4 Nd6 56. Bf3 Nb5 57. Be2 Nd4 58. Bf1 Kd6 59. Kc4 Ke6 60.
Kc5 Kf7 61. Kd6 Kg6 62. Ke7 Kg5 63. Kf7 Nb3 64. Kg7 Nd2 65. Bg2 Nc4 66. Bf1 Ne3
67. Be2 Ng2 68. Bf1 Nf4 69. Kf7 Ng6 70. Kg7 Ne7 71. Kf7 Nc8 72. Ke6 Nb6 73. Ke7
Na4 74. Kf7 Nc5 75. Bg2 Nb3 76. Bf1 Nd2 77. Bg2 Nb1 78. Bf1 Nc3 79. Bg2 Ne2 80.
Bf1 Nd4 81. Bg2 Nc6 82. Bf1 Na5 83. Kg7 Nb7 84. Bg2 Nd6 85. Kf8 Kg6 0-1

[Event "Lindores Abbey Tal Blitz 2021"]
[Site "Riga"]
[Date "2021.11.08"]
[Round "9.35"]
[White "Tregubov, Pavel V."]
[Black "Kovalev, Vladislav"]
[Result "0-1"]
[WhiteElo "2537"]
[BlackElo "2634"]
[Annotator "ChessBase"]
[PlyCount "74"]
[EventDate "2021.11.02"]
[EventType "swiss"]
[EventCountry "LAT"]
[SourceTitle "playchess.com"]
[Source "ChessBase"]
[SourceQuality "1"]

1. e4 e5 2. Nf3 Nc6 3. Bb5 a6 4. Ba4 Nf6 5. d4 Nxe4 6. dxe5 Be7 7. O-O Nc5 8.
Bxc6 dxc6 9. Qxd8+ Bxd8 10. Bg5 Bf5 11. Nbd2 h6 12. Bxd8 Rxd8 13. Rac1 a5 14.
Nb3 Nxb3 15. axb3 Ke7 16. Rfe1 c5 17. h3 Rd5 18. c3 Rhd8 19. g4 Be6 20. Kg2 Rd3
21. b4 axb4 22. cxb4 c4 23. Re3 b5 24. Kg3 R3d5 25. Rcc3 Rd1 26. Nh4 R8d2 27.
Nf5+ Bxf5 28. gxf5 Rxb2 29. e6 Rxb4 30. Re5 Rd3+ 31. Rxd3 cxd3 32. exf7+ Kxf7
33. Rd5 Rc4 34. Rxd3 b4 35. Rd8 c5 36. f4 b3 37. Kg4 b2 0-1

[Event "Lindores Abbey Tal Blitz 2021"]
[Site "Riga"]
[Date "2021.11.08"]
[Round "9.36"]
[White "Munguntuul, Batkhuyag"]
[Black "Ganguly, Surya Shekhar"]
[Result "0-1"]
[WhiteElo "2433"]
[BlackElo "2633"]
[Annotator "ChessBase"]
[PlyCount "70"]
[EventDate "2021.11.02"]
[EventType "swiss"]
[EventCountry "LAT"]
[SourceTitle "playchess.com"]
[Source "ChessBase"]
[SourceQuality "1"]

1. e4 e6 2. d4 d5 3. Nc3 Bb4 4. e5 c5 5. a3 Bxc3+ 6. bxc3 Ne7 7. Qg4 Qc7 8. Bd3
c4 9. Be2 Nf5 10. a4 Qa5 11. Kd2 h5 12. Qf4 Nc6 13. Nf3 f6 14. exf6 gxf6 15.
Ba3 Rg8 16. Nh4 e5 17. dxe5 fxe5 18. Bxh5+ Kd8 19. Qf3 Ncd4 20. Qh3 Ng3 21.
Qxg3 Rxg3 22. hxg3 Nc6 23. Nf3 d4 24. Bb2 Bf5 25. g4 Kc7 26. gxf5 dxc3+ 27.
Bxc3 Rd8+ 28. Ke2 Qxc3 29. Rhc1 e4 30. Ne1 Rd2+ 31. Kf1 e3 32. Be2 Nd4 33. Nf3
Rxe2 34. Nxd4 Rxf2+ 35. Kg1 Qxd4 0-1

[Event "Lindores Abbey Tal Blitz 2021"]
[Site "Riga"]
[Date "2021.11.08"]
[Round "9.37"]
[White "Neiksans, Arturs"]
[Black "Kuybokarov, Temur"]
[Result "1-0"]
[WhiteElo "2575"]
[BlackElo "2549"]
[Annotator "ChessBase"]
[PlyCount "59"]
[EventDate "2021.11.02"]
[EventType "swiss"]
[EventCountry "LAT"]
[SourceTitle "playchess.com"]
[Source "ChessBase"]
[SourceQuality "1"]

1. e4 e5 2. Nf3 Nc6 3. Bb5 a6 4. Ba4 Nf6 5. O-O Bc5 6. d3 d6 7. c3 O-O 8. Nbd2
Ba7 9. h3 h6 10. Re1 Ne7 11. Nf1 Ng6 12. Ng3 b5 13. Bc2 Bb7 14. a4 Re8 15. b4
d5 16. Bb2 Nf4 17. Qd2 dxe4 18. dxe4 Qxd2 19. Nxd2 Rad8 20. Nb3 Bb6 21. axb5
axb5 22. Red1 h5 23. Nc5 Bxc5 24. bxc5 h4 25. Nf5 Bxe4 26. Bxe4 Nxe4 27. Nxh4
Nxc5 28. Nf5 Ncd3 29. Rd2 Nc5 30. h4 1-0

[Event "Lindores Abbey Tal Blitz 2021"]
[Site "Riga"]
[Date "2021.11.08"]
[Round "9.38"]
[White "Padmini, Rout"]
[Black "Cheparinov, Ivan"]
[Result "0-1"]
[WhiteElo "2353"]
[BlackElo "2677"]
[Annotator "ChessBase"]
[PlyCount "80"]
[EventDate "2021.11.02"]
[EventType "swiss"]
[EventCountry "LAT"]
[SourceTitle "playchess.com"]
[Source "ChessBase"]
[SourceQuality "1"]

1. Nf3 d5 2. g3 g6 3. Bg2 Bg7 4. d4 Nf6 5. O-O O-O 6. c4 dxc4 7. Na3 c3 8. bxc3
c5 9. Bb2 Nc6 10. Nc4 Be6 11. Nfe5 Nxe5 12. Nxe5 Bd5 13. f3 Nd7 14. Nxd7 Qxd7
15. e4 Bc4 16. Rf2 Rfd8 17. Rd2 Rac8 18. Bf1 Qb5 19. a4 Qa6 20. d5 Bxf1 21.
Qxf1 c4 22. Kg2 e6 23. Qd1 Qa5 24. dxe6 fxe6 25. Rd7 Qb6 26. Ba3 Rxd7 27. Qxd7
Qc6 28. Qe7 Re8 29. Qg5 Bxc3 30. Rc1 Bg7 31. Bb4 Qxa4 32. Bc3 Bxc3 33. Rxc3 Qc6
34. Qe5 b5 35. h4 b4 36. Rc1 c3 37. h5 Qd7 38. hxg6 Qd2+ 39. Kh3 Qxc1 40. Qf6
Qh6+ 0-1

[Event "Lindores Abbey Tal Blitz 2021"]
[Site "Riga"]
[Date "2021.11.08"]
[Round "9.39"]
[White "Gunina, Valentina"]
[Black "Kryvoruchko, Yuriy"]
[Result "0-1"]
[WhiteElo "2480"]
[BlackElo "2681"]
[Annotator "ChessBase"]
[PlyCount "88"]
[EventDate "2021.11.02"]
[EventType "swiss"]
[EventCountry "LAT"]
[SourceTitle "playchess.com"]
[Source "ChessBase"]
[SourceQuality "1"]

1. d4 Nf6 2. c4 e6 3. Nf3 d5 4. Nc3 Be7 5. Bg5 h6 6. Bh4 O-O 7. e3 b6 8. cxd5
Nxd5 9. Bxe7 Qxe7 10. Nxd5 exd5 11. Rc1 c5 12. dxc5 Bb7 13. cxb6 axb6 14. a3
Nc6 15. Bb5 Rac8 16. Bxc6 Bxc6 17. O-O Rfd8 18. Nd4 Bd7 19. Qd2 Qd6 20. Rxc8
Rxc8 21. Rc1 Rc4 22. Rxc4 dxc4 23. Qb4 Qg6 24. f3 b5 25. Qd2 Qb1+ 26. Kf2 h5
27. Ne2 Bf5 28. Nc3 Qh1 29. h3 Bd3 30. Qd1 Qh2 31. f4 h4 32. Qg4 Qh1 33. Qd1
Qh2 34. Qf3 Qh1 35. Qd1 Qh2 36. Ne2 Bxe2 37. Qxe2 Qg3+ 38. Kg1 Qg6 39. Qd2 Qf6
40. Qd4 Qe7 41. Kf2 g6 42. Kf3 Qe8 43. Qe4 Qd8 44. Qd4 Qa8+ 0-1

[Event "Lindores Abbey Tal Blitz 2021"]
[Site "Riga"]
[Date "2021.11.08"]
[Round "9.40"]
[White "Vokhidov, Shamsiddin"]
[Black "Cori T., Deysi"]
[Result "0-1"]
[WhiteElo "2521"]
[BlackElo "2396"]
[Annotator "ChessBase"]
[PlyCount "112"]
[EventDate "2021.11.02"]
[EventType "swiss"]
[EventCountry "LAT"]
[SourceTitle "playchess.com"]
[Source "ChessBase"]
[SourceQuality "1"]

1. e4 d6 2. d4 g6 3. Nc3 c6 4. Be3 Qc7 5. Qd2 b5 6. a4 b4 7. Nce2 Nf6 8. Ng3 h5
9. h4 Ng4 10. Bf4 Nd7 11. f3 Ngf6 12. Qxb4 Bg7 13. Bd3 Rb8 14. Qc3 Qb6 15. Rb1
c5 16. dxc5 Nxc5 17. Qd2 O-O 18. N1e2 Nxd3+ 19. cxd3 Qb3 20. O-O Ba6 21. Rfd1
Rfc8 22. Nc3 Nd7 23. Nd5 Kf8 24. Bh6 e6 25. Bxg7+ Kxg7 26. Nc3 f6 27. Nge2 Nc5
28. d4 Nd3 29. Nc1 Nxc1 30. Rdxc1 Rc4 31. d5 e5 32. Qf2 Rb7 33. Nd1 Qxa4 34.
Rxc4 Qxc4 35. Ra1 Qd3 36. Nc3 g5 37. Rd1 Qc4 38. Qg3 Qc5+ 39. Kh2 Qe3 40. hxg5
Qxg5 41. Ra1 Bd3 42. Qf2 h4 43. Nd1 Kg6 44. Ne3 Qf4+ 45. Kh1 Bxe4 46. Ng4 Bxd5
47. Rd1 Be6 48. Ne3 Rxb2 49. Qxb2 Qxe3 50. Qc2+ Bf5 51. Qd2 Qb3 52. Qxd6 h3 53.
Rg1 h2 54. Kxh2 Qe3 55. Rd1 Qh6+ 56. Kg1 Qe3+ 0-1

[Event "Lindores Abbey Tal Blitz 2021"]
[Site "Riga"]
[Date "2021.11.08"]
[Round "9.41"]
[White "Saduakassova, Dinara"]
[Black "Saric, Ivan"]
[Result "0-1"]
[WhiteElo "2491"]
[BlackElo "2665"]
[Annotator "ChessBase"]
[PlyCount "107"]
[EventDate "2021.11.02"]
[EventType "swiss"]
[EventCountry "LAT"]
[SourceTitle "playchess.com"]
[Source "ChessBase"]
[SourceQuality "1"]

1. d4 Nf6 2. Nf3 g6 3. g3 Bg7 4. Bg2 c5 5. c4 O-O 6. Nc3 cxd4 7. Nxd4 Qc7 8. b3
d5 9. Ndb5 Qa5 10. Bd2 dxc4 11. bxc4 a6 12. Nd5 Qd8 13. Nbc3 Nc6 14. O-O Bd7
15. Rb1 Na5 16. Nxf6+ exf6 17. c5 Rc8 18. Ne4 Bc6 19. Bf4 f5 20. Nd6 Bxg2 21.
Kxg2 Rxc5 22. Qd2 b5 23. Rfd1 Qa8+ 24. Kg1 Nc4 25. Qb4 Rc6 26. a4 Nxd6 27. Bxd6
Rd8 28. axb5 axb5 29. Be7 Re8 30. e3 Qa4 31. Bc5 Qxb4 32. Bxb4 Rb8 33. Rd5 Rcb6
34. Rbd1 Bf6 35. Rd7 R6b7 36. h4 h5 37. Kg2 Rxd7 38. Rxd7 Bg7 39. Rd5 Bf8 40.
Rd4 Bxb4 41. Rxb4 Kf8 42. Kf3 Ke7 43. Ke2 Kd6 44. Kd3 Kc5 45. Kc3 Ra8 46. Rf4
Ra2 47. Kb3 Re2 48. Kc3 b4+ 49. Kb3 f6 50. Rc4+ Kd5 51. Rf4 Ke5 52. Kxb4 g5 53.
Rc4 Rxf2 54. Rc8 0-1

[Event "Lindores Abbey Tal Blitz 2021"]
[Site "Riga"]
[Date "2021.11.08"]
[Round "9.42"]
[White "Muzychuk, Mariya"]
[Black "Jumabayev, Rinat"]
[Result "1-0"]
[WhiteElo "2536"]
[BlackElo "2658"]
[Annotator "ChessBase"]
[PlyCount "49"]
[EventDate "2021.11.02"]
[EventType "swiss"]
[EventCountry "LAT"]
[SourceTitle "playchess.com"]
[Source "ChessBase"]
[SourceQuality "1"]

1. e4 c6 2. d4 d5 3. Nc3 dxe4 4. Nxe4 Nf6 5. Nxf6+ exf6 6. c3 Bd6 7. Bd3 O-O 8.
Ne2 Re8 9. Qc2 h5 10. Be3 b5 11. O-O Qc7 12. h3 Nd7 13. a4 b4 14. c4 c5 15. Be4
Rb8 16. b3 a6 17. Rad1 h4 18. Bd5 Nf8 19. dxc5 Bxc5 20. Bf4 Qb6 21. Bxb8 Qxb8
22. Rfe1 g6 23. Qd2 Kg7 24. Nd4 Rxe1+ 25. Rxe1 1-0

[Event "Lindores Abbey Tal Blitz 2021"]
[Site "Riga"]
[Date "2021.11.08"]
[Round "9.43"]
[White "Javakhishvili, Lela"]
[Black "Stefanova, Antoaneta"]
[Result "0-1"]
[WhiteElo "2446"]
[BlackElo "2475"]
[Annotator "ChessBase"]
[PlyCount "60"]
[EventDate "2021.11.02"]
[EventType "swiss"]
[EventCountry "LAT"]
[SourceTitle "playchess.com"]
[Source "ChessBase"]
[SourceQuality "1"]

1. d4 d5 2. c4 c6 3. Nf3 e6 4. e3 f5 5. Bd3 Bd6 6. O-O Nf6 7. b3 Qe7 8. a4 O-O
9. Ba3 Bxa3 10. Nxa3 b6 11. Qb1 c5 12. cxd5 Nxd5 13. Rc1 Nc6 14. dxc5 bxc5 15.
Nc4 Rb8 16. Nce5 Na5 17. Bb5 a6 18. Nc6 Nxc6 19. Bxc6 Nb4 20. Ne5 Qd6 21. Bf3
Qxe5 22. Rc4 Bb7 23. Bxb7 Rxb7 24. Qd1 Rd7 25. Qf1 Rd2 26. Re1 Rfd8 27. f4 Qb2
28. Qf3 Qxb3 29. Rxc5 Nd3 30. e4 Qb6 0-1